00435 2200157 4500001002100000008004100021035002000062082000800082084001400090100001400104245009500118250000600213260003200219650001400251990001200265INLIS000000000001482 ind  a0010-1124000005 a370 a370 HAM k aHamka AAM aKarakter Guru Profesional Melahirkan Murid Unggul Menjawab Tantangan Masa DepancHamka AAM a1 aJakarta :bAl Mawardic2012 aNon Fiksi a0715311